| 000 | 00776cam a22002291 4500 | ||
|---|---|---|---|
| 001 | sa 68016743 | ||
| 003 | DLC | ||
| 005 | 20260227112657.0 | ||
| 008 | 720620s1963 xx 000 0 ind | ||
| 010 | _asa 68016743 | ||
| 035 | _a(OCoLC)336959 | ||
| 040 |
_aDLC _cOAU _dDLC |
||
| 042 | _apremarc | ||
| 050 | 0 | 0 |
_aHC447 _b.S812 1963 |
| 100 | 0 |
_aSoekarno, _d1901-1970. |
|
| 245 | 1 | 0 |
_aDeklarasi ekonomi; _bstrategi dasar untuk menanggulangi kesulitan² ekonomi & keunangan, serta tindakan² djangka pendek jang akan diambil _coleh pemerintah R. I. |
| 250 | _a[Tjet. 2.] | ||
| 260 |
_aMedan, _bHarris _c[1963?] |
||
| 300 |
_a32 p. _c17 cm. |
||
| 500 | _a"Amanat P. J. M. Presiden Rep. Indonesia jang diutjapkan pada tgl. 28-3-1963." | ||
| 651 | 0 |
_aIndonesia _xEconomic policy. |
|
| 999 |
_c87284 _d87284 |
||